[Event "VIII Festival A"]
[Site "Nichelino ITA"]
[Date "2007.10.07"]
[Round "5"]
[White "Davi, Alessandro"]
[Black "D'Ingiullo, Roberto"]
[Result "1-0"]
[WhiteElo "1915"]
[BlackElo "2104"]
[PlyCount "75"]
[EventDate "2007.10.04"]

1. d4 Nf6 2. c4 g6 3. Nc3 Bg7 4. e4 d6 5. Nf3 O-O 6. Be2 e5 7. O-O Na6 8. Rb1
Qe8 9. d5 Nc5 10. Qc2 a5 11. a3 Bd7 12. Ne1 Ncxe4 13. Nxe4 Nxe4 14. b4 axb4 15.
axb4 f5 16. Bb2 b6 17. Nf3 h6 18. Ra1 Qe7 19. Nd2 Nxd2 20. Qxd2 e4 21. Bxg7
Qxg7 22. Ra2 Kh7 23. Rfa1 Qxa1+ 24. Rxa1 Rxa1+ 25. Bf1 Rb1 26. Qc3 Kg8 27. Qc2
Rxb4 28. Qd2 Rb1 29. Qxh6 Rf6 30. h4 f4 31. h5 Be8 32. Qg5 Rf5 33. Qe7 Bf7 34.
Qxe4 Ra1 35. h6 Ra8 36. Qd4 Re5 37. Qxf4 Rh5 38. g4 1-0

[Event "VIII Festival A"]
[Site "Nichelino ITA"]
[Date "2007.10.07"]
[Round "5"]
[White "Di Chiara, Mauro"]
[Black "Marguati, Massimiano"]
[Result "1/2-1/2"]
[WhiteElo "1747"]
[BlackElo "1966"]
[PlyCount "120"]
[EventDate "2007.10.04"]

1. d4 e6 2. Nf3 Nf6 3. g3 b6 4. Bg2 Bb7 5. O-O Be7 6. c4 O-O 7. Nc3 Ne4 8. Qc2
f5 9. Nd2 d5 10. cxd5 Nxc3 11. bxc3 Bxd5 12. e4 fxe4 13. Nxe4 Na6 14. Qe2 Qc8
15. c4 Bb7 16. Qg4 Bf6 17. Bb2 Nb4 18. Bc3 a5 19. a3 Na6 20. h4 Rb8 21. h5 Bxe4
22. Bxe4 c5 23. Bc2 Qb7 24. Qxe6+ Qf7 25. Qxf7+ Rxf7 26. Rad1 Rd8 27. Be4 cxd4
28. Bxd4 Rxd4 29. Rxd4 Bxd4 30. Bd5 Kf8 31. Bxf7 Kxf7 32. Rd1 Bc5 33. Rd7+ Kf6
34. Rb7 h6 35. Kg2 Bd4 36. f3 Ke6 37. c5 Nxc5 38. Rxb6+ Kd5 39. Rb5 Bc3 40. f4
Kc6 41. Rb1 Bf6 42. Kf3 Na4 43. Kg4 Nc3 44. Rc1 Kb5 45. Kf5 Ka4 46. g4 Kxa3 47.
g5 hxg5 48. h6 gxh6 49. Kxf6 Kb2 50. Rh1 gxf4 51. Kf5 f3 52. Kf4 a4 53. Kxf3 a3
54. Rxh6 Kb3 55. Rh2 Nd1 56. Rh1 Nc3 57. Ra1 Ne2 58. Rb1+ Kc2 59. Rb8 Nc3 60.
Ra8 a2 1/2-1/2

[Event "VIII Festival A"]
[Site "Nichelino ITA"]
[Date "2007.10.07"]
[Round "5"]
[White "Egli, Urs"]
[Black "D'Amato, Piergiorgio"]
[Result "1-0"]
[WhiteElo "2089"]
[BlackElo "1941"]
[PlyCount "53"]
[EventDate "2007.10.04"]

1. e4 e6 2. d3 d5 3. Nd2 Nf6 4. Ngf3 Be7 5. g3 O-O 6. Bg2 Nbd7 7. O-O c5 8. Re1
d4 9. a4 Qc7 10. Nc4 e5 11. Bh3 Re8 12. Nh4 g6 13. f4 Kg7 14. Nf3 Bd6 15. Rf1
b6 16. Qd2 Ba6 17. fxe5 Nxe5 18. Qh6+ Kg8 19. Ncxe5 Bxe5 20. Ng5 Bc8 21. Bxc8
Raxc8 22. Bf4 Rcd8 23. Bxe5 Qxe5 24. Rxf6 Qxf6 25. Qxh7+ Kf8 26. Rf1 Qxf1+ 27.
Kxf1 1-0

[Event "VIII Festival A"]
[Site "Nichelino ITA"]
[Date "2007.10.07"]
[Round "5"]
[White "Gallucci, Alessio"]
[Black "Fassio, Francesco"]
[Result "1-0"]
[WhiteElo "2076"]
[BlackElo "1732"]
[PlyCount "59"]
[EventDate "2007.10.04"]

1. e4 e5 2. Nf3 d6 3. d4 Nf6 4. dxe5 Nxe4 5. Bc4 c6 6. exd6 Bxd6 7. O-O O-O 8.
Re1 Re8 9. Bg5 Bxh2+ 10. Kxh2 Qxd1 11. Rxd1 Nxf2 12. Rf1 Ne4 13. Nbd2 Be6 14.
Rae1 Bxc4 15. Nxc4 Nd7 16. Bf4 f6 17. Na5 g5 18. Bg3 Ndc5 19. b4 Na4 20. Nxb7
Rab8 21. Bxb8 Rxb8 22. Rxe4 Rxb7 23. a3 Nb6 24. c4 h5 25. Rd1 Kg7 26. Rd6 Rc7
27. Ree6 Nxc4 28. Rxc6 Rxc6 29. Rxc6 Nxa3 30. Rc7+ 1-0

[Event "VIII Festival A"]
[Site "Nichelino ITA"]
[Date "2007.10.07"]
[Round "5"]
[White "Giacchino, Claudio"]
[Black "Fortino, Fabrizio"]
[Result "0-1"]
[WhiteElo "1679"]
[BlackElo "2081"]
[PlyCount "96"]
[EventDate "2007.10.04"]

1. e4 c5 2. Nf3 Nc6 3. d4 cxd4 4. Nxd4 Nf6 5. Nc3 e5 6. Nf3 Bb4 7. Bd3 d5 8.
exd5 Nxd5 9. Bd2 Bxc3 10. Bxc3 Nxc3 11. bxc3 O-O 12. O-O Kh8 13. Qd2 Bg4 14.
Ng5 h6 15. Ne4 f5 16. Nc5 Qe7 17. Nb3 Rad8 18. Qe1 e4 19. Be2 Ne5 20. Bxg4 Nxg4
21. f3 Nf6 22. fxe4 Nxe4 23. Rf3 a5 24. Rd3 Rde8 25. Rad1 a4 26. Nd2 Qc5+ 27.
Qe3 Qxe3+ 28. Rxe3 Nxd2 29. Rxe8 Rxe8 30. Rxd2 Re1+ 31. Kf2 Ra1 32. Ke3 Rxa2
33. Rf2 a3 34. Kd2 g6 35. c4 Rb2 36. Rf3 Rb4 37. Rxa3 Rxc4 38. Rb3 Rc7 39. h3
Kg7 40. Rb4 Kf6 41. Kd3 Re7 42. c4 Kg5 43. g3 h5 44. c5 Rd7+ 45. Rd4 Rxd4+ 46.
Kxd4 h4 47. Ke3 hxg3 48. Kf3 Kh4 0-1

[Event "VIII Festival A"]
[Site "Nichelino ITA"]
[Date "2007.10.07"]
[Round "5"]
[White "Guarneri, Giuseppe"]
[Black "Giacomasso, Enrico"]
[Result "0-1"]
[WhiteElo "1955"]
[BlackElo "1970"]
[PlyCount "88"]
[EventDate "2007.10.04"]

1. e4 c5 2. Nc3 e6 3. g3 Nc6 4. Bg2 d6 5. d3 Nf6 6. Be3 Be7 7. h3 e5 8. Nge2
O-O 9. g4 Be6 10. Nd5 Bxd5 11. exd5 Nb4 12. c4 Nd7 13. Be4 Bg5 14. a3 Bxe3 15.
fxe3 Qh4+ 16. Kd2 Na6 17. Qg1 Qd8 18. Qb1 Nf6 19. Ng3 Qa5+ 20. b4 cxb4 21. axb4
Qb6 22. Ra5 Qd8 23. g5 Nd7 24. Nf5 Nb6 25. h4 g6 26. Nh6+ Kg7 27. Ng4 Nd7 28.
Nf6 Nxf6 29. gxf6+ Qxf6 30. h5 Qf2+ 31. Kc3 f5 32. Ra2 Qxe3 33. hxg6 hxg6 34.
Rah2 Rh8 35. Bxf5 Rxh2 36. Rxh2 Qd4+ 37. Kb3 Qf4 38. Qh1 Qxf5 39. Rh7+ Kf6 40.
Qh4+ g5 41. Qh5 Qxd3+ 42. Ka4 b5+ 43. Kxb5 Rb8+ 44. Kc6 Qxc4+ 0-1

[Event "VIII Festival A"]
[Site "Nichelino ITA"]
[Date "2007.10.07"]
[Round "5"]
[White "Malano, Francesco"]
[Black "Fasano, Domenico"]
[Result "1-0"]
[WhiteElo "1967"]
[BlackElo "1721"]
[PlyCount "81"]
[EventDate "2007.10.04"]

1. Nf3 Nf6 2. d4 e6 3. g3 b6 4. Bg2 Bb7 5. O-O Be7 6. c4 O-O 7. Nc3 Ne4 8. Qc2
Nxc3 9. bxc3 f5 10. d5 Na6 11. Rd1 Qe8 12. Bf4 Bf6 13. Be5 Bxe5 14. Nxe5 d6 15.
Nd3 e5 16. e4 f4 17. Qe2 Bc8 18. Kh1 Qf7 19. gxf4 exf4 20. Bf3 Bh3 21. e5 Rae8
22. e6 Qf6 23. Rac1 Re7 24. a4 g5 25. Rg1 Kh8 26. Nb4 Nxb4 27. cxb4 g4 28. c5
Rg8 29. cxd6 cxd6 30. Bxg4 Bxg4 31. Rxg4 f3 32. Rxg8+ Kxg8 33. Rc8+ Kg7 34. Qe1
Qg6 35. Qc3+ Kh6 36. Qxf3 Qb1+ 37. Kg2 Rg7+ 38. Kh3 Qf1+ 39. Kh4 Rg5 40. Qf4
Qg2 41. Rg8 1-0

[Event "VIII Festival A"]
[Site "Nichelino ITA"]
[Date "2007.10.07"]
[Round "5"]
[White "Martin, Tiziano"]
[Black "Torrione, William"]
[Result "1/2-1/2"]
[WhiteElo "2019"]
[BlackElo "1911"]
[PlyCount "75"]
[EventDate "2007.10.04"]

1. e4 e5 2. Nc3 Nf6 3. g3 Nc6 4. Bg2 d6 5. Nge2 Be7 6. O-O O-O 7. d3 Nd7 8. f4
exf4 9. Nxf4 Bg5 10. Nfd5 Bxc1 11. Rxc1 Nb6 12. Ne3 Nd4 13. Qh5 f6 14. Rf4 Qe8
15. Qd1 Bd7 16. Ne2 Nxe2+ 17. Qxe2 c6 18. Qd2 Qe6 19. b3 Rae8 20. a4 d5 21. a5
Nc8 22. Re1 dxe4 23. Rxe4 Qd6 24. Nc4 Qc7 25. Qb4 Rxe4 26. Rxe4 Re8 27. d4 Rxe4
28. Bxe4 Be6 29. Qc5 Bxc4 30. Qxc4+ Kh8 31. Qe6 Nd6 32. Bd3 Qd8 33. c4 g6 34.
d5 cxd5 35. cxd5 Kg7 36. b4 b6 37. Kg2 bxa5 38. bxa5 1/2-1/2

[Event "VIII Festival A"]
[Site "Nichelino ITA"]
[Date "2007.10.07"]
[Round "5"]
[White "Matta, Francesca"]
[Black "Pitrola, Carlo"]
[Result "1-0"]
[WhiteElo "1945"]
[BlackElo "1602"]
[PlyCount "79"]
[EventDate "2007.10.04"]

1. d4 d5 2. Nf3 Nf6 3. Bf4 Bf5 4. e3 c5 5. c3 e6 6. Qb3 Qd7 7. Bb5 Nc6 8. Ne5
Qc8 9. Qa4 a6 10. Bxc6+ bxc6 11. Qxc6+ Qxc6 12. Nxc6 Nh5 13. Bg3 f6 14. dxc5
Nxg3 15. hxg3 e5 16. b4 Kd7 17. Na5 Rb8 18. O-O h5 19. a4 Bd3 20. Rd1 e4 21.
Nd2 Be7 22. Ndb3 Bd8 23. c6+ Kd6 24. Ra2 h4 25. Rad2 h3 26. gxh3 Rxh3 27. Kg2
Rh5 28. Rh1 Rxh1 29. Kxh1 Bxa5 30. Nxa5 Rc8 31. Rb2 Rb8 32. Kg2 f5 33. Nb3 g5
34. Nd4 f4 35. b5 fxe3 36. fxe3 axb5 37. axb5 Bxb5 38. Rxb5 Rxb5 39. Nxb5+ Kxc6
40. Nd4+ 1-0

[Event "VIII Festival A"]
[Site "Nichelino ITA"]
[Date "2007.10.07"]
[Round "5"]
[White "Militello, Michele"]
[Black "Medaglia, Enzo"]
[Result "1/2-1/2"]
[WhiteElo "1935"]
[BlackElo "1887"]
[PlyCount "101"]
[EventDate "2007.10.04"]

1. d4 f5 2. Nf3 Nf6 3. g3 d5 4. Bg2 Nbd7 5. Nbd2 e6 6. Ne5 Nxe5 7. dxe5 Ng4 8.
Nf3 g6 9. h3 Nh6 10. Bg5 Qd7 11. Bf6 Bg7 12. Bxg7 Qxg7 13. Qd4 O-O 14. Ng5 Qe7
15. f4 c5 16. Qd2 Bd7 17. O-O-O Kg7 18. e3 a5 19. Bf3 c4 20. Qd4 Bc6 21. Rdg1
b5 22. g4 b4 23. c3 a4 24. cxb4 a3 25. Rh2 Rfb8 26. Qc5 Qd7 27. h4 Rb5 28. Qd4
Rxb4 29. h5 Qe7 30. bxa3 Rxa3 31. Rb2 Rd3 32. Rxb4 Rxd4 33. exd4 Qxb4 34. Nxe6+
Kg8 35. Bd1 Ba4 36. Bxa4 Qxa4 37. Rg2 Nxg4 38. hxg6 hxg6 39. Rb2 Qa3 40. Kb1
Qd3+ 41. Ka1 Qc3 42. a4 Qa3+ 43. Kb1 Qxa4 44. Rb8+ Kf7 45. Ng5+ Ke7 46. Rb7+
Kd8 47. Nf7+ Ke8 48. Nd6+ Kd8 49. Nf7+ Ke8 50. Nd6+ Kd8 51. Nf7+ 1/2-1/2

[Event "VIII Festival A"]
[Site "Nichelino ITA"]
[Date "2007.10.07"]
[Round "5"]
[White "Naumkin, Igor"]
[Black "Diana, Riccardo"]
[Result "1-0"]
[WhiteElo "2486"]
[BlackElo "2070"]
[PlyCount "43"]
[EventDate "2007.10.04"]

1. d4 d5 2. c4 c6 3. Nf3 Nf6 4. Nc3 dxc4 5. a4 Bf5 6. e3 e6 7. Bxc4 Bb4 8. O-O
Nbd7 9. Nh4 Bg6 10. f3 Nd5 11. Nxg6 hxg6 12. Qc2 Qh4 13. g3 Qh3 14. Rf2 N7f6
15. e4 Nb6 16. Bf1 Qh5 17. a5 Nbd7 18. a6 b6 19. g4 Qh4 20. Bf4 Rc8 21. Bg3 Qh6
22. Nb5 1-0

[Event "VIII Festival A"]
[Site "Nichelino ITA"]
[Date "2007.10.07"]
[Round "5"]
[White "Parodi, Alessandro"]
[Black "Gussone, Claudio"]
[Result "1-0"]
[WhiteElo "2002"]
[BlackElo "1876"]
[PlyCount "59"]
[EventDate "2007.10.04"]

1. d4 d6 2. c4 Nf6 3. Nc3 g6 4. e4 Bg7 5. f3 O-O 6. Be3 e5 7. d5 c6 8. Qd2 cxd5
9. cxd5 a6 10. Bd3 Nbd7 11. Nge2 Nc5 12. Bc2 a5 13. O-O Bd7 14. a4 b6 15. Nb5
Ne8 16. Nec3 f5 17. exf5 gxf5 18. f4 Kh8 19. fxe5 dxe5 20. Bh6 Bxh6 21. Qxh6
Rf6 22. Qe3 Qe7 23. d6 Qe6 24. Rad1 Bc6 25. Qh3 e4 26. Nd4 Qd7 27. Nxc6 Qxc6
28. Rxf5 Rxf5 29. Qxf5 Nxd6 30. Qf6+ 1-0

[Event "VIII Festival A"]
[Site "Nichelino ITA"]
[Date "2007.10.07"]
[Round "5"]
[White "Pettarini, Renato"]
[Black "Melone, Antonio"]
[Result "1/2-1/2"]
[WhiteElo "1661"]
[BlackElo "1647"]
[PlyCount "59"]
[EventDate "2007.10.04"]

1. c4 Nf6 2. Nc3 g6 3. e4 d6 4. d4 Bg7 5. Nf3 O-O 6. Bd3 e5 7. d5 a5 8. h3 Nfd7
9. g4 Nc5 10. Bc2 Bd7 11. Be3 Qe8 12. Qd2 b5 13. Bxc5 dxc5 14. Bd3 b4 15. Ne2
Bc8 16. O-O-O Nd7 17. Qe3 Ba6 18. Nd2 Qe7 19. h4 Rfb8 20. Ng3 a4 21. h5 Nf8 22.
g5 Nd7 23. Rh2 Rd8 24. Rdh1 Nf8 25. hxg6 fxg6 26. f3 Bb7 27. Rf2 Nd7 28. Rfh2
Nf8 29. Rf2 Nd7 30. Rfh2 1/2-1/2

[Event "VIII Festival A"]
[Site "Nichelino ITA"]
[Date "2007.10.07"]
[Round "6"]
[White "Cacinschi, Alexandru"]
[Black "Cavaliere, Simone"]
[Result "1/2-1/2"]
[WhiteElo "1630"]
[BlackElo "1965"]
[PlyCount "107"]
[EventDate "2007.10.04"]

1. c4 Nf6 2. Nf3 g6 3. Nc3 Bg7 4. g3 d6 5. Bg2 e5 6. d3 O-O 7. O-O c6 8. h3 Na6
9. a3 Bd7 10. e4 Nh5 11. Be3 Qe8 12. Qd2 f5 13. Bh6 f4 14. Bxg7 Kxg7 15. g4 Nf6
16. d4 Rd8 17. b4 c5 18. bxc5 exd4 19. g5 Kg8 20. gxf6 dxc3 21. Qd5+ Be6 22.
Qxb7 Qd7 23. Qxd7 Rxd7 24. cxd6 Bxc4 25. Rfc1 Rxd6 26. Rxc3 Be2 27. e5 Rdd8 28.
Re1 Bb5 29. Ng5 Rde8 30. f7+ Rxf7 31. Nxf7 Kxf7 32. Bd5+ Kg7 33. Bc4 Nc7 34.
Bxb5 Nxb5 35. Rd3 Re7 36. a4 Nc7 37. Kg2 Ne6 38. f3 Kh6 39. Rb3 Kg5 40. a5 Kf5
41. a6 Nc5 42. Ra3 Re6 43. Rc1 Nxa6 44. Rca1 Nc5 45. Rxa7 h6 46. Rf7+ Kg5 47.
Rh1 Nd3 48. h4+ Kh5 49. Rd1 Nb2 50. Rd2 Nc4 51. Rd4 Ne3+ 52. Kf2 Rxe5 53. Rdxf4
Nf5 54. Kg2 1/2-1/2

[Event "VIII Festival A"]
[Site "Nichelino ITA"]
[Date "2007.10.07"]
[Round "6"]
[White "Davi, Alessandro"]
[Black "Naumkin, Igor"]
[Result "1/2-1/2"]
[WhiteElo "1915"]
[BlackElo "2486"]
[PlyCount "24"]
[EventDate "2007.10.04"]

1. d4 e6 2. Nf3 f5 3. c4 Nf6 4. g3 Bb4+ 5. Bd2 Bxd2+ 6. Nbxd2 O-O 7. Bg2 d6 8.
Qc2 Nc6 9. O-O e5 10. d5 Ne7 11. e4 f4 12. c5 Ng6 1/2-1/2

[Event "VIII Festival A"]
[Site "Nichelino ITA"]
[Date "2007.10.07"]
[Round "6"]
[White "Demagistri, Gigi"]
[Black "Biancotti, Alessandro"]
[Result "0-1"]
[WhiteElo "1662"]
[BlackElo "1828"]
[PlyCount "60"]
[EventDate "2007.10.04"]

1. d4 c5 2. c3 cxd4 3. cxd4 Nf6 4. Nc3 d5 5. Nf3 g6 6. Qc2 Nc6 7. e3 Bg7 8. Bb5
O-O 9. Bxc6 bxc6 10. O-O Bf5 11. Qa4 Qb6 12. Ne5 c5 13. dxc5 Qxc5 14. Qc6 Qa5
15. b4 Qxb4 16. Nxd5 Nxd5 17. Qxd5 Qc3 18. Qd4 Bxe5 19. Qxc3 Bxc3 20. Ba3 Bxa1
21. Rxa1 Rfe8 22. Rc1 Rac8 23. Rd1 Rc2 24. Ra1 e5 25. h3 Be6 26. Rd1 Rxa2 27.
Bc5 Rc8 28. Be7 f5 29. f3 Kf7 30. Bb4 Rcc2 0-1

[Event "VIII Festival A"]
[Site "Nichelino ITA"]
[Date "2007.10.07"]
[Round "6"]
[White "Di Chiara, Mauro"]
[Black "Astengo, Marcello"]
[Result "0-1"]
[WhiteElo "1747"]
[BlackElo "2024"]
[PlyCount "72"]
[EventDate "2007.10.04"]

1. d4 d5 2. Nf3 c5 3. g3 cxd4 4. Nxd4 e5 5. Nf3 Nc6 6. Bg2 Bc5 7. e3 Bg4 8. h3
Bh5 9. g4 Bg6 10. c3 Nf6 11. b4 Bd6 12. O-O Rc8 13. Bb2 Bb8 14. b5 e4 15. bxc6
exf3 16. cxb7 fxg2 17. Qa4+ Kf8 18. Ba3+ Kg8 19. Rd1 Rc7 20. g5 Nd7 21. Rxd5
Rxb7 22. Nd2 h6 23. Nf3 Qc7 24. Rad1 Nb6 25. Rd8+ Kh7 26. Rxh8+ Kxh8 27. Qe8+
Kh7 28. Rd8 Bh5 29. g6+ Kxg6 30. Qe4+ f5 31. Nh4+ Kh7 32. Qxf5+ g6 33. Rh8+
Kxh8 34. Qf8+ Kh7 35. f4 Nd5 36. Bb4 Nxe3 0-1

[Event "VIII Festival A"]
[Site "Nichelino ITA"]
[Date "2007.10.07"]
[Round "6"]
[White "Diana, Riccardo"]
[Black "Pulito, Alberto"]
[Result "1/2-1/2"]
[WhiteElo "2070"]
[BlackElo "2285"]
[PlyCount "39"]
[EventDate "2007.10.04"]

1. c4 e6 2. Nc3 d5 3. d4 Nf6 4. Nf3 Be7 5. Bg5 O-O 6. e3 b6 7. cxd5 Nxd5 8.
Bxe7 Qxe7 9. Nxd5 exd5 10. Bd3 c5 11. Rc1 Nd7 12. O-O Bb7 13. Re1 Rfd8 14. Bb1
Nf8 15. Ne5 f6 16. Nd3 Ne6 17. Nf4 Nf8 18. Qg4 Kh8 19. Qh3 Kg8 20. Rcd1 1/2-1/2

[Event "VIII Festival A"]
[Site "Nichelino ITA"]
[Date "2007.10.07"]
[Round "6"]
[White "Fasano, Domenico"]
[Black "Martin, Tiziano"]
[Result "1-0"]
[WhiteElo "1721"]
[BlackElo "2019"]
[PlyCount "45"]
[EventDate "2007.10.04"]

1. e4 e6 2. d4 d5 3. Nc3 dxe4 4. Nxe4 Nd7 5. Nf3 Ngf6 6. Nxf6+ Nxf6 7. Bd3 c5
8. dxc5 Bxc5 9. O-O O-O 10. Qe2 b6 11. Rd1 Qc7 12. Bg5 Be7 13. c3 Bb7 14. Nd4
a6 15. Re1 Bd6 16. h3 b5 17. Bxf6 gxf6 18. Qh5 f5 19. Qg5+ Kh8 20. Qf6+ Kg8 21.
Bxf5 Rfe8 22. Bc2 Bf8 23. Re5 1-0

[Event "VIII Festival A"]
[Site "Nichelino ITA"]
[Date "2007.10.07"]
[Round "6"]
[White "Fassio, Francesco"]
[Black "Militello, Michele"]
[Result "0-1"]
[WhiteElo "1732"]
[BlackElo "1935"]
[PlyCount "72"]
[EventDate "2007.10.04"]

1. c4 e5 2. Nc3 Nf6 3. g3 d5 4. cxd5 Nxd5 5. Bg2 Nb6 6. Nf3 Nc6 7. d3 Be7 8.
O-O O-O 9. a3 f6 10. Be3 Be6 11. Nd2 Kh8 12. Bxb6 cxb6 13. b4 Qd7 14. Re1 Rfd8
15. Nb3 Rac8 16. Rc1 f5 17. Na1 Bg5 18. Rb1 Nxb4 19. axb4 Rxc3 20. Nb3 Bxb3 21.
Rxb3 Rc1 22. Qxc1 Bxc1 23. Rxc1 Rc8 24. Rbc3 Rxc3 25. Rxc3 g6 26. h4 Kg7 27. e3
a5 28. bxa5 bxa5 29. Rb3 e4 30. Rb1 Qc6 31. d4 b5 32. Bf1 b4 33. Be2 Qc2 34.
Re1 Qd2 35. Kf1 b3 36. Rd1 Qc2 0-1

[Event "VIII Festival A"]
[Site "Nichelino ITA"]
[Date "2007.10.07"]
[Round "6"]
[White "Fortino, Fabrizio"]
[Black "Angioni, Gian Carlo"]
[Result "1-0"]
[WhiteElo "2081"]
[BlackElo "1811"]
[PlyCount "57"]
[EventDate "2007.10.04"]

1. e4 d5 2. exd5 Qxd5 3. Nc3 Qa5 4. Nf3 Nf6 5. d4 c6 6. Ne5 Bf5 7. Bf4 e6 8.
Nc4 Qd8 9. Be2 Nd5 10. Bg3 Bb4 11. O-O b5 12. Nxd5 exd5 13. Ne3 Be4 14. a4 O-O
15. axb5 c5 16. c3 cxd4 17. Qxd4 Bd6 18. f3 Bxg3 19. hxg3 Bg6 20. Qxd5 Nd7 21.
Rfd1 Qe7 22. Qd4 Nc5 23. Bc4 Rfd8 24. Nd5 Qd6 25. b6 axb6 26. Rxa8 Rxa8 27. b4
Na4 28. Ra1 Qxg3 29. Nxb6 1-0

[Event "VIII Festival A"]
[Site "Nichelino ITA"]
[Date "2007.10.07"]
[Round "6"]
[White "Giacomasso, Enrico"]
[Black "Matta, Francesca"]
[Result "1-0"]
[WhiteElo "1970"]
[BlackElo "1945"]
[PlyCount "165"]
[EventDate "2007.10.04"]

1. e4 e5 2. Nf3 Nc6 3. Bb5 a6 4. Ba4 Nf6 5. O-O b5 6. Bb3 Bb7 7. Ng5 d5 8. exd5
Nxd5 9. d3 Nd4 10. Re1 Qf6 11. Qg4 Be7 12. Qe4 Nxb3 13. axb3 O-O-O 14. Qg4+ Kb8
15. Ne4 Qg6 16. Qxg6 hxg6 17. Nbc3 Nb4 18. Re2 f5 19. Ng5 Bxg5 20. Bxg5 Rde8
21. Be3 Re6 22. Bc5 Nd5 23. Nxd5 Bxd5 24. Rae1 Rhe8 25. b4 g5 26. f3 Kb7 27.
Kf2 g6 28. b3 Kc8 29. Be3 f4 30. Bc5 Kd7 31. h3 Kc8 32. c4 Bb7 33. Ra2 Kd7 34.
Ra5 c6 35. Ra2 Kc7 36. Rae2 Kd7 37. Re4 Bc8 38. Ba7 Bb7 39. c5 R6e7 40. Bb6 Re6
41. d4 exd4 42. Rxd4+ Ke7 43. Rxe6+ Kxe6 44. Rd6+ Kf5 45. Rd7 Ba8 46. Ra7 Ke6
47. Rxa6 Bb7 48. Ra7 Ba8 49. Rg7 Kf5 50. Ra7 Ke6 51. Ra2 Kf5 52. Bc7 Bb7 53.
Bd6 Ba8 54. Ra7 Ke6 55. g3 fxg3+ 56. Kxg3 Kf5 57. Rf7+ Ke6 58. Rc7 Kf5 59. Be7
Rg8 60. Bd6 Re8 61. h4 gxh4+ 62. Kxh4 Rh8+ 63. Kg3 Re8 64. Ra7 Rg8 65. Re7 Rc8
66. Re5+ Kf6 67. Kf4 Rh8 68. Be7+ Kf7 69. Bg5 Re8 70. Rxe8 Kxe8 71. Ke5 Bb7 72.
Kd6 Kf7 73. Kc7 Ba6 74. Kxc6 Ke6 75. Kb6 Bc8 76. Kxb5 Kd7 77. Kb6 Ke6 78. c6
Kd6 79. b5 Be6 80. b4 Bc8 81. Bf4+ Ke7 82. Kc7 Be6 83. b6 1-0

[Event "VIII Festival A"]
[Site "Nichelino ITA"]
[Date "2007.10.07"]
[Round "6"]
[White "Gussone, Claudio"]
[Black "Gallucci, Alessio"]
[Result "0-1"]
[WhiteElo "1876"]
[BlackElo "2076"]
[PlyCount "58"]
[EventDate "2007.10.04"]

1. d4 Nf6 2. Nf3 e6 3. g3 b6 4. Bg2 Bb7 5. c4 Bb4+ 6. Nc3 O-O 7. O-O c5 8. Bf4
cxd4 9. Nxd4 Bxg2 10. Kxg2 Nc6 11. Ndb5 d5 12. cxd5 exd5 13. Bg5 d4 14. Bxf6
gxf6 15. Ne4 Qd5 16. Qd3 f5 17. f3 fxe4 18. fxe4 Qd7 19. Rf5 Rae8 20. Rd5 Qe7
21. Nxd4 Nxd4 22. Rxd4 Bc5 23. Rd5 Qxe4+ 24. Qxe4 Rxe4 25. Rf1 Rxe2+ 26. Kh3
Rxb2 27. Rf6 Rxa2 28. Rg5+ Kh8 29. Rh6 Be3 0-1

[Event "VIII Festival A"]
[Site "Nichelino ITA"]
[Date "2007.10.07"]
[Round "6"]
[White "Marguati, Massimiano"]
[Black "Egli, Urs"]
[Result "1/2-1/2"]
[WhiteElo "1966"]
[BlackElo "2089"]
[PlyCount "64"]
[EventDate "2007.10.04"]

1. d4 g6 2. c4 Bg7 3. Nc3 d6 4. e4 e5 5. d5 Nf6 6. Nge2 O-O 7. Ng3 c6 8. Be2
cxd5 9. cxd5 a5 10. Be3 Na6 11. O-O Bd7 12. Rc1 Rc8 13. Bxa6 bxa6 14. Qe2 Ra8
15. f3 Qb8 16. Rc2 Rc8 17. Rfc1 Qb7 18. Nf1 Rc7 19. Nd1 Rxc2 20. Rxc2 Rc8 21.
Rxc8+ Qxc8 22. Qd2 Qc7 23. Qc3 Qxc3 24. Nxc3 Ne8 25. Bb6 a4 26. Ba5 Bh6 27. Bb4
Bc1 28. Ba3 Kf8 29. Kf2 Ke7 30. Ne3 Bxe3+ 31. Kxe3 Nc7 32. Kd3 Nb5 1/2-1/2

[Event "VIII Festival A"]
[Site "Nichelino ITA"]
[Date "2007.10.07"]
[Round "6"]
[White "Medaglia, Enzo"]
[Black "Pettarini, Renato"]
[Result "0-1"]
[WhiteElo "1887"]
[BlackElo "1661"]
[PlyCount "52"]
[EventDate "2007.10.04"]

1. e4 c6 2. Nf3 d5 3. exd5 cxd5 4. d4 Bg4 5. Bb5+ Nd7 6. h3 Bxf3 7. Qxf3 a6 8.
Bd3 e6 9. Bf4 Qb6 10. b3 Qxd4 11. c3 Bb4 12. Bd2 Qe5+ 13. Be2 Ngf6 14. O-O Bd6
15. g3 Qe4 16. b4 O-O 17. a4 Ne5 18. Qe3 Ned7 19. Na3 Rfc8 20. f4 Qxe3+ 21.
Bxe3 Ne4 22. Rf3 Nxc3 23. Bd3 Bxb4 24. Nc2 Bc5 25. Nd4 g6 26. Kg2 e5 0-1

[Event "VIII Festival A"]
[Site "Nichelino ITA"]
[Date "2007.10.07"]
[Round "6"]
[White "Melone, Antonio"]
[Black "Crepaldi, Manuele"]
[Result "0-1"]
[WhiteElo "1647"]
[BlackElo "1821"]
[PlyCount "80"]
[EventDate "2007.10.04"]

1. d4 Nf6 2. c4 g6 3. Nc3 Bg7 4. e4 d6 5. Nf3 O-O 6. Be2 e5 7. O-O Na6 8. d5
Nc5 9. Qc2 a5 10. Ne1 Ne8 11. Be3 b6 12. Rb1 f5 13. f3 f4 14. Bf2 g5 15. a3 a4
16. Nd3 Bd7 17. Rfd1 Nf6 18. Nb5 Rf7 19. Nxc5 bxc5 20. b3 axb3 21. Rxb3 h5 22.
Qa2 g4 23. Kh1 Bh6 24. a4 Rg7 25. a5 g3 26. Bg1 h4 27. Bf1 Qc8 28. h3 Nh7 29.
Ra3 Ng5 30. Qe2 Nxh3 31. gxh3 Bxh3 32. Bg2 Bxg2+ 33. Kxg2 h3+ 34. Kf1 Bg5 35.
Rd2 Bh6 36. Bh2 g2+ 37. Kg1 Qd8 38. Bxf4 exf4 39. Rd1 Qg5 40. e5 Qg3 0-1

[Event "VIII Festival A"]
[Site "Nichelino ITA"]
[Date "2007.10.07"]
[Round "6"]
[White "Parodi, Alessandro"]
[Black "Damia, Angelo"]
[Result "1/2-1/2"]
[WhiteElo "2002"]
[BlackElo "2266"]
[PlyCount "60"]
[EventDate "2007.10.04"]

1. d4 d6 2. c4 e5 3. d5 f5 4. Nc3 Nf6 5. f3 Be7 6. Be3 O-O 7. Qd2 a5 8. Bf2 Na6
9. e4 fxe4 10. Nxe4 Nxe4 11. fxe4 Bg5 12. Be3 Bxe3 13. Qxe3 Nc5 14. Nf3 Bg4 15.
Be2 Bxf3 16. Bxf3 Qf6 17. O-O Qf4 18. Qxf4 Rxf4 19. g3 Rf6 20. b3 Raf8 21. Kg2
g5 22. h3 Kg7 23. Rab1 h5 24. Bxh5 Rxf1 25. Rxf1 Rxf1 26. Kxf1 Nxe4 27. Kg2 b5
28. Kf3 Nc3 29. cxb5 Nxd5 30. Bg4 Kf6 1/2-1/2

[Event "VIII Festival A"]
[Site "Nichelino ITA"]
[Date "2007.10.07"]
[Round "6"]
[White "Perrone, Samuel"]
[Black "Lizzari, Nicola"]
[Result "0-1"]
[WhiteElo "1715"]
[BlackElo "1848"]
[PlyCount "86"]
[EventDate "2007.10.04"]

1. e4 c5 2. Nc3 Nc6 3. g3 g6 4. Bg2 Bg7 5. d3 d6 6. f4 e5 7. Nf3 Nf6 8. Qe2 Bg4
9. h3 Nd4 10. Qf2 Bxf3 11. Bxf3 Qa5 12. Bd2 Nxc2+ 13. Ke2 Nxa1 14. Rxa1 O-O 15.
Nd5 Qd8 16. Nxf6+ Bxf6 17. f5 Bg5 18. Kd1 b5 19. g4 c4 20. dxc4 bxc4 21. Rc1
Rb8 22. Bxg5 Qxg5 23. Rxc4 Rfc8 24. Rc2 Qf4 25. Bg2 Qxf2 26. Rxf2 Rc5 27. Rc2
Rbc8 28. Rxc5 Rxc5 29. Kd2 f6 30. a3 a5 31. b3 g5 32. a4 Kf8 33. Bf3 Ke7 34.
Be2 d5 35. exd5 Rxd5+ 36. Kc3 Rd4 37. Bf3 Kd6 38. Be2 Kc5 39. Bf3 h6 40. Be2
Rf4 41. Bd3 Rf3 42. Kd2 Rxh3 43. Ke1 Rxd3 0-1

[Event "VIII Festival A"]
[Site "Nichelino ITA"]
[Date "2007.10.07"]
[Round "6"]
[White "Pitrola, Carlo"]
[Black "Artero, Carlo"]
[Result "1-0"]
[WhiteElo "1602"]
[BlackElo "1608"]
[PlyCount "46"]
[EventDate "2007.10.04"]

1. d4 d5 2. c4 c6 3. Nf3 Nf6 4. Nc3 e6 5. e3 Bd6 6. Qc2 Nbd7 7. Be2 dxc4 8.
Bxc4 b5 9. Be2 O-O 10. O-O a6 11. e4 e5 12. Rd1 Bb7 13. dxe5 Nxe5 14. Nxe5 Qc7
15. Nf3 Rfe8 16. Bg5 Ng4 17. h3 Bh2+ 18. Kf1 Nxf2 19. Kxf2 Bg3+ 20. Kf1 Qb6 21.
Bd3 c5 22. Ne2 Bb8 23. Be3 Qf6 1-0

[Event "VIII Festival A"]
[Site "Nichelino ITA"]
[Date "2007.10.07"]
[Round "6"]
[White "Sattanino, Andrea"]
[Black "Finocchiaro, Gianluca"]
[Result "0-1"]
[WhiteElo "1843"]
[BlackElo "1973"]
[PlyCount "32"]
[EventDate "2007.10.04"]

1. d4 b5 2. e4 Bb7 3. Bd3 e6 4. Bf4 a6 5. Nd2 c5 6. dxc5 Bxc5 7. Ne2 Nf6 8. Ng3
O-O 9. e5 Nd5 10. Bg5 Qxg5 11. Nde4 Qe7 12. Nh5 f5 13. exf6 Nxf6 14. Nhxf6+
Rxf6 15. Nxf6+ Qxf6 16. O-O Qg5 0-1